01286nam a22003017a 4500003000400000005001700004008004100021040002200062082001500084130002400099245006800123260002600191300001800217490001400235505006100249505005600310505007500366505010200441505007600543505009600619505001300715505002000728650004200748650005100790650004900841650004400890651005000934OSt20230817125010.0221006b |||||||| |||| 00| 0 eng d cBiblioteca Lado V a305bM953m aMujer/Fempresslspa aMujer/Fempress/bRed de comunicación alternativa de la mujer/ bFEMPRESSc1998aChile c22x31cma29p. v1998a203 aEl aborto y los derechos humanos de las mujerestBOLIVIA aEntre Radiopasionados y Televisionarios tCOLOMBIA aProponen salario para primeras damas ¿Para qué la ley?tCOSTA RICA aHillary Rodham Clinton: La visita de la primera Dama Comisión Nacional de SeguimientotURUGUAY aPoco Ruido y bastantes nueces ¿En manos de quiénes estamos?tMEXICO aAborto: Proponen aumentar la penalidad Género y Conocimiento en las universidadestCHILE aRECORTES aCOMUNICANDONOS  2Tesauro de Arte & ArquitecturaaMUJER 2Tesauro de Arte & ArquitecturaaCOMUNICACIÓN 2Tesauro de Arte & ArquitecturaaRED FEMENINA 2Tesauro de Arte & ArquitecturaaCULTURA 2Tesauro de Arte & ArquitecturaaINTERNACIONAL